| 000 | 00549cam a2200217 i 4500 | ||
|---|---|---|---|
| 001 | 4596588 | ||
| 005 | 20180130035239.0 | ||
| 008 | 770824s1977 ilua b 001 0 eng | ||
| 010 | _a 76001512 | ||
| 040 |
_aDLC _cDLC _dDLC |
||
| 041 | _aeng | ||
| 043 | _an-us--- | ||
| 080 | _a636.00973 ENS | ||
| 082 | 0 | 0 |
_a636.00973 ENS _219 |
| 100 | 1 | _a7 | |
| 101 | _aZOO | ||
| 245 | 1 | 0 |
_aAnimal science / _cby M.E. Ensminger. |
| 504 | _aIncludes bibliographies and index. | ||
| 906 |
_a7 _bcbc _corignew _d2 _eocip _f19 _gy-gencatlg |
||
| 942 |
_2ddc _cBK |
||
| 999 |
_c41234 _d41234 |
||